000 00518nam a2200217Ia 4500
008 210210b1965 xxu||||| |||| 00| 0 eng d
041 _aeng
082 _a538/67
100 _aWORSNOP (B L)
245 _aAdvanced practical physics for students
260 _aBombay
_bAsia Publishing House
_c1965
300 _a754
650 _astudents
650 _apractical
650 _aphysics
650 _afor
650 _aAdvanced
690 _aMathematical Physics
700 _aFLINT (H T)
906 _a009015
999 _c127763
_d127763